01303nam a2200289Ia 4500999001700000001000600017003000700023005001700030008004100047020001900088040001100107041000800118080001300126100002500139245009100164264004100255300001700296500002200313500002300335541001200358653007400370653014400444653014500588942001200733952013400745952013400879 c53678d5367820725GE_BSU20221114120526.0181216s2012||||xx |||||||||||||| ||eng|| a9780230299931x cGE_BSU aeng a327 W-81 aWolff, Sarah910432 4aThe Mediterranean Dimension of the European Union's Internal Security /cSarah Wolff. aLondon :bPalgrave macmillan,c2012. a273 p. 22cm. aBibl. : p.235-262 aIndex. : p.263-273 h93 Gel. aThe Mediterranean Dimension of the European Union's Internal Security aСредиземноморское измерение внутренней безопасности Европейского союза aშიდა უსაფრთხოების შიდა ხმელთაშუა ზღვის განზომილება cBK2udc 00102udc406327_W8170976166aCPLbCPLcGENd2018-12-17g93.00o327 W-81p54040r2018-12-17t54040w2018-12-17yBKz93.00 GEL. 00102udc406327_W8170976167aCPLbCPLcGENd2018-12-17g93.00o327 W-81p54169r2018-12-17t54169w2018-12-17yBKz93.00 GEL.